| 000 | 00705nam a2200289Ia 4500 | ||
|---|---|---|---|
| 005 | 20260324123454.0 | ||
| 008 | 008 260324s9999 xx 000 0 eng d | ||
| 020 | _a9780203156841 | ||
| 037 | _aEBOOK | ||
| 040 | _aCRL | ||
| 040 | _beng | ||
| 040 | _cCRL | ||
| 041 | _2eng | ||
| 041 | _aeng | ||
| 084 | _qCRL | ||
| 100 |
_aKatherine Hite _91170440 |
||
| 245 | 0 | _aPolitics and the Art of Commemoration | |
| 245 | 0 | _bMemorials to struggle in Latin America and Spain | |
| 260 | _bTaylor and Francis | ||
| 260 | _c2012 | ||
| 365 | _a | ||
| 365 | _b240 | ||
| 856 | _uhttp://www.taylorfrancis.com/books/9780203156841 | ||
| 942 | _cEBOOK | ||
| 999 |
_c1763993 _d1763993 |
||